Southville International School and Colleges
Your cart is empty.
  • Cart
  • Lists
    Public lists Eva Luna New books Lux_list list_1
    Your lists Log in to create your own lists
  • Log in to your account
  • Your cookies
  • Search history
Southville International School and Colleges
  • Advanced search
  • Recent comments
  • Most popular
  • Libraries

Log in to your account

Log in with GOOGLE


If you do not have an external account, but do have a local account, you can still log in:

  1. Home
  2. MARC view: Biology : course companion
Normal view MARC view ISBD view

Biology : course companion (Record no. 365218)

[ view plain ]
MARC details
000 -LEADER
fixed length control field 00580nam a22001937a 4500
003 - CONTROL NUMBER IDENTIFIER
control field 0
005 - DATE AND TIME OF LATEST TRANSACTION
control field 20230829124607.0
008 - FIXED-LENGTH DATA ELEMENTS--GENERAL INFORMATION
fixed length control field 230829b xxu||||| |||| 00| 0 eng d
020 ## - INTERNATIONAL STANDARD BOOK NUMBER
International Standard Book Number 978-1-382-01633-9
050 ## - LIBRARY OF CONGRESS CALL NUMBER
Classification number QH 315
Item number .Al441 2023
100 ## - MAIN ENTRY--PERSONAL NAME
Personal name Allott, Andrew
245 ## - TITLE STATEMENT
Title Biology : course companion
Statement of responsibility, etc Andrew Allott
260 ## - PUBLICATION, DISTRIBUTION, ETC. (IMPRINT)
Place of publication, distribution, etc Oxford, United Kingdom
Name of publisher, distributor, etc Oxfor University Press
Date of publication, distribution, etc c2023.
300 ## - PHYSICAL DESCRIPTION
Extent viii, 806 pages :
Other physical details col. ill. ;
Dimensions 28 cm.
500 ## - GENERAL NOTE
General note Biology.
504 ## - BIBLIOGRAPHY, ETC. NOTE
Bibliography, etc Includes bibliographical references and index,
650 ## - SUBJECT ADDED ENTRY--TOPICAL TERM
Topical term or geographic name as entry element Biology.
942 ## - ADDED ENTRY ELEMENTS (KOHA)
Source of classification or shelving scheme Library of Congress Classification
Koha item type Books
Holdings
Withdrawn status Lost status Source of classification or shelving scheme Damaged status Home library Current library Shelving location Date acquired Source of acquisition Sub Shelving location Total Checkouts Total Renewals Full call number Barcode Checked out Date last seen Date checked out Price effective from Koha item type
    Library of Congress Classification   Luxembourg Library Luxembourg Library Teachers Reference Section 08/29/2023 Library Fund   4 1 QH 315 .Al441 2023 21023 12/10/2025 08/27/2025 08/27/2025 08/29/2023 Books

Biology : course companion

APA

Allott A., . (2023). Biology : course companion. Oxford, United Kingdom: Oxfor University Press.

Chicago

Allott Andrew, . 2023. Biology : course companion. Oxford, United Kingdom: Oxfor University Press.

Harvard

Allott A., . (2023). Biology : course companion. Oxford, United Kingdom: Oxfor University Press.

MLA

Allott Andrew, . Biology : course companion. Oxford, United Kingdom: Oxfor University Press. 2023.

  • Place hold
  • Print
  • Cite
  • Add to your cart (remove)
  • Save record
    BIBTEX Dublin Core MARCXML MARC (non-Unicode/MARC-8) MARC (Unicode/UTF-8) MARC (Unicode/UTF-8, Standard) MODS (XML) RIS
  • More searches
    Search for this title in:
    Other Libraries (WorldCat) Other Databases (Google Scholar) Online Stores (Bookfinder.com) Open Library (openlibrary.org)

Exporting to Dublin Core...

SOUTHVILLE LIBRARY

Southville International School and Colleges Library

1281 Tropical Ave. Cor. Luxembourg St., BF Homes International, Las Pinas City

Tel. No. 8256374 / 252358 Loc. 117/146

Powered by Koha